| 000 | 00000nam##2200000za#4500 |
| 001 | 9.580686 |
| 003 | CaOODSP |
| 005 | 20210624191146 |
| 007 | cr ||||||||||| |
| 008 | 150406|1990||||xxc|||||o f|0| 0 eng|d |
| 040 | |aCaOODSP|beng |
| 043 | |an-cn--- |
| 086 | 1 |aNH18-22/90-223E-PDF |
| 110 | 2 |aCanada Mortgage and Housing Corporation. |
| 245 | 10|aThermal testing of wall sections in the Northwest Territories |h[electronic resource] |
| 260 | |aOttawa - Ontario : |bCanada Mortgage and Housing Corporation |c[1990]. |
| 300 | |a2p. |
| 490 | 1 |aResearch and development highlights; technical series |v90-223 |
| 500 | |aFile reproduced from original photocopy. |
| 590 | |a14-16-Supp|b2014-09-25 |
| 775 | 08|tEssai thermique de sections de murs dans les Territoires du Nord-Ouest / |w(CaOODSP)9.607598 |
| 830 | #0|aResearch and development highlights; technical series ;|v90-223|w(CaOODSP)9.504481 |
| 856 | 40|ahttp://publications.gc.ca|qPDF|s404 KB|uhttps://publications.gc.ca/collections/collection_2014/schl-cmhc/NH18-22-90-223-eng.pdf|y90-223 |